En quel année a débuté ce groupe kpop - Statistiques

Statistiques générales
  • Ce quiz a été pris 643 fois
  • Le résultat moyen est 9 sur 12
Statistiques - réponses
Par images Réponse % Correct
2016
95%
2019
92%
2015
91%
2019
91%
2013
90%
2020
90%
2021
90%
2018
86%
2015
85%
2018
85%
2022
83%
2006
82%
2014
82%
2014
74%
2012
71%
2014
70%
2020
70%
2020
68%
2007
66%
2010
66%
2014
65%
2016
64%
2016
63%
2022
62%
Aucun quiz correspondant
Distribution des résultats
% des personnes avec chaque résultat
Percentile par nombre de réponses
Votre historique - résultats
Vous n’avez pas pris ce quiz